000 01002nam a2200289 i 4500
001 169812
003 ES-MaACL
005 20240302062940.0
008 081202s1956 fr |||| | fre d
040 _cES-MaACL
080 _a72 Vignola
080 _a7.014
100 0 _aGromort, Georges.
_960127
_eaut
245 1 2 _aL'essentiel sur les ordres :
_bd'après Jacq. Barozzi, de Vignole /
_cG. Gromort.
250 _a2e éd.
260 _aParis :
_bVincent, Fréal & Cie.,
_c1956.
300 _a12 páginas, 32 páginas de láminas ;
_c16 cm.
599 _aLáminas: Diseños, dibujos técnicos
650 7 _aArquitectura-
_9143356
_xComposición
650 7 _aÓrdenes arquitectónicos
_9147216
700 1 _aVignola,
_d1507-1573
_9114654
852 4 _aES-MaACL
_cDEPO2
_hDonación: Jacinto Martínez Lacalle
_jE-12301
_9R.190490
903 _9139376
_aMartínez Lacalle, Jacinto
_ednr
942 _cMONOGRAFIA
_n0
999 _c169812
_d169812